[Event "21. Intern. Travemünder Schach-Open"]
[Site "?"]
[Date "2004.12.29"]
[Round "5"]
[White "Müller, Jan-Hendrik"]
[Black "Duchrow, Oliver"]
[Result "0-1"]
[WhiteElo "1899"]
[BlackElo "2164"]
[PlyCount "84"]
[EventDate "2004.??.??"]

1. e4 c5 2. Nf3 e6 3. c3 d5 4. Bb5+ Nc6 5. exd5 exd5 6. Qe2+ Qe7 7. Ne5 Bd7 8.
Bxc6 Bxc6 9. Nxc6 bxc6 10. d3 Rb8 11. b3 Qxe2+ 12. Kxe2 Bd6 13. Nd2 Ne7 14. Nf3
Ng6 15. g3 f6 16. Ba3 Kd7 17. d4 Rhe8+ 18. Kd1 cxd4 19. Bxd6 Kxd6 20. Nxd4 Ne7
21. Re1 c5 22. Nc2 Nc6 23. Ne3 g6 24. Kc2 d4 25. Rad1 Rbc8 26. Kb2 Re6 27. cxd4
cxd4 28. Nc4+ Kd5 29. Rxe6 Kxe6 30. Re1+ Kd5 31. f4 Rc7 32. a3 h5 33. Re2 Re7
34. Rxe7 Nxe7 35. Nd2 Nf5 36. Kc1 h4 37. Nf1 Ke4 38. Kd2 hxg3 39. hxg3 Nd6 40.
Ke2 d3+ 41. Kd2 Kd4 42. Ne3 Ne4+ 0-1

[Event "21. Intern. Travemünder Schach-Open"]
[Site "?"]
[Date "2004.12.29"]
[Round "5"]
[White "Jordan, Christian"]
[Black "Engelmann, Jakob"]
[Result "1-0"]
[WhiteElo "2164"]
[BlackElo "1912"]
[PlyCount "89"]
[EventDate "2004.??.??"]

1. e4 d5 2. exd5 Nf6 3. c4 c6 4. d4 cxd5 5. Nc3 e6 6. Nf3 Be7 7. cxd5 Nxd5 8.
Bd3 O-O 9. O-O b6 10. Re1 Bb7 11. a3 Nd7 12. Bc2 Nxc3 13. bxc3 Ba6 14. Be4 Rc8
15. Qa4 Nb8 16. Bd2 Bd6 17. Qc2 h6 18. Ne5 Bxe5 19. dxe5 Nc6 20. Rad1 Qc7 21.
Re3 Nxe5 22. Rg3 f5 23. Bxh6 Rf7 24. Qa4 Be2 25. Re1 Bg4 26. Bf4 Qc4 27. Bc2
Nd7 28. h3 Be2 29. Qxa7 e5 30. Bd2 Rc7 31. Qa8+ Rf8 32. Qa4 b5 33. Qb4 Qxb4 34.
axb4 Bc4 35. Bh6 Nb8 36. Rxe5 f4 37. Rg4 Nc6 38. Rc5 Rf6 39. Bxf4 Rcf7 40. Be3
Ne7 41. Re4 Nd5 42. Rc8+ Rf8 43. Rxf8+ Kxf8 44. Bd4 Rh6 45. Rg4 1-0

[Event "21. Intern. Travemünder Schach-Open"]
[Site "?"]
[Date "2004.12.29"]
[Round "5"]
[White "Schroeter, Baldur"]
[Black "Thimm, Torsten"]
[Result "1/2-1/2"]
[WhiteElo "1893"]
[BlackElo "2164"]
[PlyCount "41"]
[EventDate "2004.??.??"]

1. e4 c5 2. c3 Nf6 3. e5 Nd5 4. d4 cxd4 5. cxd4 e6 6. a3 d6 7. Nf3 Nc6 8. Bd3
Be7 9. O-O O-O 10. Qe2 g6 11. Re1 f5 12. exd6 Qxd6 13. Nc3 Bf6 14. Bh6 Nxc3 15.
bxc3 Re8 16. Bc4 Bd7 17. Rad1 Kh8 18. d5 exd5 19. Rxd5 Qxd5 20. Bxd5 Rxe2 21.
Rxe2 1/2-1/2

[Event "21. Intern. Travemünder Schach-Open"]
[Site "?"]
[Date "2004.12.29"]
[Round "5"]
[White "Schmid, Thomas"]
[Black "Blaka, Idriz"]
[Result "1-0"]
[WhiteElo "2163"]
[BlackElo "1899"]
[PlyCount "81"]
[EventDate "2004.??.??"]

1. Nc3 d5 2. e4 d4 3. Nce2 e5 4. Ng3 Nf6 5. Bc4 Bd6 6. Nf3 h6 7. O-O Be6 8.
Bxe6 fxe6 9. d3 c5 10. Qe2 Nc6 11. a4 a6 12. Nh4 g5 13. Nf3 Kd7 14. Nd2 b5 15.
axb5 axb5 16. Rxa8 Qxa8 17. c3 dxc3 18. bxc3 Qa1 19. Qf3 Rf8 20. Ne2 Ne7 21.
Qe3 Ng6 22. Nf3 Nf4 23. d4 Ng4 24. Qd2 Nxe2+ 25. Qxe2 Qxc3 26. Qxb5+ Ke7 27.
Qb7+ Kf6 28. h3 Rf7 29. Qc6 Bf8 30. d5 Kg7 31. hxg4 exd5 32. Qxd5 Re7 33. Be3
Re8 34. Rc1 Qb2 35. Ne1 Qb4 36. Nd3 Qb8 37. Nxc5 Bxc5 38. Bxc5 Qb2 39. Rd1 Qb8
40. Qd7+ Kg8 41. Qf5 1-0

[Event "21. Intern. Travemünder Schach-Open"]
[Site "?"]
[Date "2004.12.29"]
[Round "5"]
[White "Elmali, Timur"]
[Black "Rosin, Thomas"]
[Result "1-0"]
[WhiteElo "2160"]
[BlackElo "1842"]
[PlyCount "49"]
[EventDate "2004.??.??"]

1. d4 Nf6 2. c4 g6 3. Nc3 Bg7 4. e4 d6 5. Nf3 O-O 6. Be2 e5 7. O-O Nc6 8. d5
Ne7 9. Nd2 Nd7 10. b4 a5 11. bxa5 Nc5 12. Nb3 c6 13. Nxc5 dxc5 14. d6 Nf5 15.
exf5 Bxf5 16. Bb2 Qxa5 17. Qd2 Rfd8 18. Rad1 Bf8 19. Qe3 f6 20. g4 Be6 21. Ne4
Kf7 22. Nxf6 Bxd6 23. Nxh7 Qxa2 24. Rxd6 Qxb2 25. Ng5+ 1-0

[Event "21. Intern. Travemünder Schach-Open"]
[Site "?"]
[Date "2004.12.29"]
[Round "5"]
[White "Baier, Reinhard"]
[Black "Dahlhaus, Friedhelm"]
[Result "0-1"]
[WhiteElo "1936"]
[BlackElo "2151"]
[PlyCount "64"]
[EventDate "2004.??.??"]

1. e4 e5 2. Nc3 Nf6 3. f4 d5 4. fxe5 Nxe4 5. d3 Nxc3 6. bxc3 d4 7. Bb2 c5 8.
cxd4 cxd4 9. Qd2 Nc6 10. Nf3 Bb4 11. c3 Ba5 12. Rc1 O-O 13. Qf4 f6 14. exf6
Rxf6 15. Qd2 Bg4 16. Be2 Bc7 17. Qc2 Bf4 18. Rb1 Be3 19. cxd4 Bxf3 20. Bxf3
Nxd4 21. Qc4+ Kh8 22. Bxd4 Bxd4 23. Rb4 Bb6 24. Kd1 Rc8 25. Qb3 Rd6 26. Be4 Qf6
27. Qb2 Bd4 28. Qe2 Qg5 29. Rb1 Rb6 30. Qc2 Rxc2 31. Kxc2 Qc5+ 32. Kd2 Qc3+ 0-1

[Event "21. Intern. Travemünder Schach-Open"]
[Site "?"]
[Date "2004.12.29"]
[Round "5"]
[White "Ivens, Birger"]
[Black "Schuster, Martin"]
[Result "0-1"]
[WhiteElo "1845"]
[BlackElo "2177"]
[PlyCount "58"]
[EventDate "2004.??.??"]

1. e4 c6 2. d4 d5 3. exd5 cxd5 4. f4 Nf6 5. Nf3 Bf5 6. Bd3 Bxd3 7. Qxd3 Qa5+ 8.
c3 Qa6 9. Qxa6 Nxa6 10. Be3 e6 11. Nbd2 Bd6 12. Ne5 Nc7 13. O-O g6 14. h3 h5
15. Bf2 Be7 16. Rae1 Nb5 17. Bh4 Ng8 18. Bxe7 Nxe7 19. Rf2 Nd6 20. Rfe2 Nef5
21. Kf2 h4 22. Nef3 O-O 23. Re5 Kg7 24. Nh2 Rfc8 25. Nhf1 a5 26. R5e2 b5 27. a3
b4 28. axb4 axb4 29. Rc1 Nxd4 0-1

[Event "21. Intern. Travemünder Schach-Open"]
[Site "?"]
[Date "2004.12.29"]
[Round "5"]
[White "Becking, Franz Josef"]
[Black "Schoepe, Jan"]
[Result "1/2-1/2"]
[WhiteElo "2074"]
[BlackElo "2330"]
[PlyCount "61"]
[EventDate "2004.??.??"]

1. d4 d5 2. Nf3 Nf6 3. e3 c6 4. c4 Bf5 5. Nc3 e6 6. Bd3 Bxd3 7. Qxd3 Nbd7 8.
O-O Be7 9. b3 O-O 10. a4 a5 11. Ba3 Bxa3 12. Rxa3 Qe7 13. Raa1 Rfd8 14. Rab1 e5
15. dxe5 Nxe5 16. Nxe5 Qxe5 17. cxd5 Nxd5 18. Nxd5 Rxd5 19. Qc2 Qd6 20. Rfd1
Rd8 21. Rxd5 Qxd5 22. g3 c5 23. Rc1 b6 24. h4 h6 25. Qc4 Qf3 26. Qc2 Rd5 27.
Re1 g5 28. e4 Rd3 29. hxg5 hxg5 30. Qc1 g4 31. Qg5+ 1/2-1/2

[Event "21. Intern. Travemünder Schach-Open"]
[Site "?"]
[Date "2004.12.29"]
[Round "5"]
[White "GM Kalinitschew, Sergej"]
[Black "Tonndorf, Matthias"]
[Result "1/2-1/2"]
[WhiteElo "2517"]
[BlackElo "2137"]
[PlyCount "96"]
[EventDate "2004.??.??"]

1. d4 e6 2. e4 d5 3. Nd2 Nf6 4. e5 Nfd7 5. c3 c5 6. Bd3 Nc6 7. Ne2 cxd4 8. cxd4
f6 9. exf6 Nxf6 10. Nf3 Bd6 11. O-O Qc7 12. b3 O-O 13. Bb2 Bd7 14. Ng3 Rae8 15.
Re1 e5 16. dxe5 Nxe5 17. Nxe5 Bxe5 18. Rc1 Bc6 19. Bxe5 Rxe5 20. Rxe5 Qxe5 21.
Qe2 Ne4 22. Bxe4 dxe4 23. Re1 Re8 24. Qe3 Qa5 25. Re2 Qd5 26. Rd2 Qa5 27. h3 a6
28. Ne2 Rd8 29. Qc3 Qb6 30. Rxd8+ Qxd8 31. Nd4 Bd5 32. Nf5 Qd7 33. Qe5 Bc6 34.
Nd6 h6 35. Nxe4 Qd1+ 36. Kh2 Qc2 37. Qe6+ Kh8 38. Qc8+ Kh7 39. Qf5+ Kh8 40. Nd6
Qxa2 41. Qf8+ Kh7 42. Qf5+ Kh8 43. Qf8+ Kh7 44. Nf5 Qb2 45. Ne7 Qe5+ 46. f4 Qc7
47. h4 Bd5 48. b4 Qb6 1/2-1/2

[Event "21. Intern. Travemünder Schach-Open"]
[Site "?"]
[Date "2004.12.29"]
[Round "5"]
[White "FM Boe, Mads"]
[Black "Lampe, Jörg"]
[Result "0-1"]
[WhiteElo "2376"]
[BlackElo "2142"]
[PlyCount "115"]
[EventDate "2004.??.??"]

1. e4 c5 2. c3 Nf6 3. e5 Nd5 4. d4 cxd4 5. Qxd4 e6 6. Nf3 Nc6 7. Qe4 f5 8. Qe2
Be7 9. g3 O-O 10. Bg2 b6 11. O-O a5 12. c4 Ba6 13. b3 Bc5 14. Rd1 Qc7 15. Bb2
f4 16. g4 Nde7 17. a4 Ng6 18. Na3 Na7 19. Nc2 Rae8 20. Rd3 Re7 21. Rad1 Nc6 22.
Na3 Na7 23. Nc2 Nc6 24. Bc3 Bb7 25. Kh1 Ref7 26. Re1 Qd8 27. Qd2 Nh4 28. Nxh4
Qxh4 29. f3 Rd8 30. Rf1 h5 31. Qe2 Ne7 32. Nd4 Ng6 33. gxh5 Qxh5 34. Nxe6 Re8
35. Nxc5 bxc5 36. Qd1 Bc6 37. Re1 Re6 38. Qd2 Nh4 39. Qf2 Rg6 40. Rg1 Nf5 41.
Re1 Nh4 42. Rg1 Rg3 43. Rd5 Bxd5 44. cxd5 Nxf3 45. Bxf3 Rxf3 46. Qe2 Rh3 47.
Qxh5 Rxh5 48. d6 f3 49. Rd1 f2 50. Rf1 Rhf5 51. Kg2 Rg5+ 52. Kh1 Rgf5 53. Kg2
Kf8 54. h3 g6 55. Kh2 Ke8 56. Kg2 Rg5+ 57. Kh2 Rf3 58. Bxa5 0-1

[Event "21. Intern. Travemünder Schach-Open"]
[Site "?"]
[Date "2004.12.29"]
[Round "5"]
[White "FM Rudolf, Henrik"]
[Black "Freundlieb, Thomas"]
[Result "1-0"]
[WhiteElo "2322"]
[BlackElo "2139"]
[PlyCount "133"]
[EventDate "2004.??.??"]

1. e4 c6 2. d4 g6 3. Nc3 d5 4. h3 Bg7 5. Nf3 Nf6 6. e5 Ne4 7. Nxe4 dxe4 8. Ng5
c5 9. d5 O-O 10. c3 Bxe5 11. Nxe4 b6 12. Bh6 Bg7 13. Qd2 Bb7 14. O-O-O e6 15.
c4 Qh4 16. Bxg7 Kxg7 17. Nd6 Bc8 18. g3 Qe7 19. dxe6 Bb7 20. Nxb7 Qxb7 21. e7
Re8 22. Qc3+ f6 23. Be2 Nc6 24. Bf3 Qc7 25. Rhe1 Rab8 26. Re6 Ne5 27. Rdd6 Rxe7
28. Rxf6 Rf8 29. Rxf8 Qxd6 30. Rf4 Qd3 31. Re4 Qxc3+ 32. bxc3 Kf6 33. Be2 Rd7
34. f4 Nf7 35. Re3 Re7 36. Rxe7 Kxe7 37. Kd2 Nd6 38. Bd3 Kf6 39. Ke3 h6 40. Kf3
Kg7 41. Kg4 Kf6 42. Kf3 Kg7 43. g4 g5 44. h4 Kf6 45. hxg5+ hxg5 46. a4 Nf7 47.
Ke4 Ke6 48. Ke3 Kf6 49. Kf3 Nd6 50. fxg5+ Kxg5 51. Be2 Ne8 52. Ke4 Nf6+ 53. Ke5
Nxg4+ 54. Bxg4 Kxg4 55. Kd5 Kf5 56. Kc6 Ke6 57. Kb7 Kd7 58. Kxa7 Kc7 59. Ka6
Kc6 60. a5 bxa5 61. Kxa5 Kc7 62. Kb5 Kb7 63. Kxc5 Kc7 64. Kd5 Kd7 65. c5 Kc7
66. c6 Kc8 67. Kd6 1-0

[Event "21. Intern. Travemünder Schach-Open"]
[Site "?"]
[Date "2004.12.29"]
[Round "5"]
[White "Pienski, Olaf"]
[Black "FM Voigt, Martin"]
[Result "0-1"]
[WhiteElo "2137"]
[BlackElo "2301"]
[PlyCount "78"]
[EventDate "2004.??.??"]

1. g3 Nf6 2. Bg2 g6 3. e4 d6 4. d4 Bg7 5. Nc3 O-O 6. Nge2 e5 7. h3 Nc6 8. Be3
a6 9. a4 Rb8 10. a5 exd4 11. Nxd4 Ne5 12. Qe2 c5 13. Nb3 Be6 14. Nd5 Nxd5 15.
exd5 Bd7 16. Nd2 Re8 17. O-O Bb5 18. c4 Bd7 19. Rfe1 Bf5 20. Ra3 g5 21. g4 Bg6
22. Nf3 Nxf3+ 23. Bxf3 b6 24. axb6 Rxb6 25. Ra2 h6 26. Qd2 Qf6 27. Kg2 Reb8 28.
b3 Rxb3 29. Rxa6 Rb2 30. Qa5 Qc3 31. Qxc3 Bxc3 32. Re2 Be5 33. Ra3 Rb1 34. Bxc5
Rc8 35. Be3 Rxc4 36. Ra8+ Kg7 37. Raa2 Bd3 38. Red2 Bf1+ 39. Kh1 Rcc1 0-1

[Event "21. Intern. Travemünder Schach-Open"]
[Site "?"]
[Date "2004.12.29"]
[Round "5"]
[White "Knuth, Hannes"]
[Black "Jeske, Mark"]
[Result "1-0"]
[WhiteElo "2299"]
[BlackElo "2114"]
[PlyCount "87"]
[EventDate "2004.??.??"]

1. d4 d5 2. c4 e6 3. Nc3 c5 4. cxd5 exd5 5. Nf3 Nc6 6. g3 Nf6 7. Bg2 Be7 8. O-O
O-O 9. dxc5 Bxc5 10. Na4 Bb6 11. b3 Re8 12. Bb2 Bg4 13. Nxb6 axb6 14. h3 Bf5
15. Nd4 Be4 16. a4 Qe7 17. Rc1 Rac8 18. Nb5 Na5 19. Bxf6 Qxf6 20. Nc7 Red8 21.
Nxd5 Qe6 22. Rxc8 Rxc8 23. Nf4 Qe7 24. Bxe4 Qxe4 25. Qd7 Qc6 26. Qd3 Qc2 27.
Qxc2 Rxc2 28. Rd1 g6 29. Rd8+ Kg7 30. b4 Nc6 31. Rd7 Rc4 32. b5 Na5 33. h4 h6
34. Ne6+ Kf6 35. Nd8 Rxa4 36. Rxf7+ Ke5 37. Re7+ Kd6 38. Rh7 h5 39. Rg7 Re4 40.
Rxg6+ Ke7 41. Nxb7 Nxb7 42. Rg7+ Kd6 43. Rxb7 Kc5 44. Rh7 1-0

[Event "21. Intern. Travemünder Schach-Open"]
[Site "?"]
[Date "2004.12.29"]
[Round "5"]
[White "FM Laubsch, Bernd"]
[Black "Hartmann, Christian"]
[Result "1-0"]
[WhiteElo "2276"]
[BlackElo "2097"]
[PlyCount "53"]
[EventDate "2004.??.??"]

1. e4 c5 2. Nf3 e6 3. d4 cxd4 4. Nxd4 a6 5. Bd3 Qc7 6. O-O Nf6 7. Qe2 d6 8. Nc3
Be7 9. Kh1 Nc6 10. Nxc6 bxc6 11. f4 d5 12. b3 Bb7 13. Bb2 dxe4 14. Nxe4 c5 15.
f5 e5 16. Nd2 Nd7 17. Nc4 Bf6 18. Be4 Bxe4 19. Qxe4 O-O 20. Rad1 Rae8 21. Rd6
a5 22. Rfd1 Rd8 23. Bc3 Nb6 24. Bxa5 Rxd6 25. Rxd6 Rd8 26. Rxb6 Qa7 27. g3 1-0

[Event "21. Intern. Travemünder Schach-Open"]
[Site "?"]
[Date "2004.12.29"]
[Round "5"]
[White "Boennelykke, Ole"]
[Black "Degtiarev, Jewgeni"]
[Result "0-1"]
[WhiteElo "2125"]
[BlackElo "2272"]
[PlyCount "71"]
[EventDate "2004.??.??"]

1. e4 c5 2. Nc3 d6 3. g3 Nc6 4. Bg2 g6 5. d3 Bg7 6. Be3 Nf6 7. h3 O-O 8. Qd2 e5
9. Bh6 b5 10. Bxg7 Kxg7 11. Nge2 b4 12. Nd5 Nxd5 13. exd5 Ne7 14. g4 f5 15. f4
Rb8 16. O-O-O a5 17. fxe5 dxe5 18. d4 cxd4 19. Nxd4 Qd6 20. Nc6 Nxc6 21. dxc6
Qxd2+ 22. Rxd2 e4 23. gxf5 gxf5 24. Rg1 Kf6 25. c7 Ra8 26. Rd8 Be6 27. Rgd1 Ke7
28. R8d6 Rfc8 29. Rc6 Ra7 30. Rdd6 Bd7 31. Rb6 Raxc7 32. c3 bxc3 33. bxc3 Rg8
34. Rh6 Rxg2 35. Rxh7+ Kf8 36. Rd6 0-1

[Event "21. Intern. Travemünder Schach-Open"]
[Site "?"]
[Date "2004.12.29"]
[Round "6"]
[White "Miroshnichenko (GM), Evge"]
[Black "Jobava (GM), Baadur"]
[Result "1/2-1/2"]
[WhiteElo "2615"]
[BlackElo "2615"]
[PlyCount "33"]
[EventDate "2004.??.??"]

1. d4 Nf6 2. Nf3 g6 3. c4 Bg7 4. Nc3 d6 5. e4 O-O 6. Be2 e5 7. O-O Na6 8. Be3
Ng4 9. Bg5 Qe8 10. dxe5 dxe5 11. h3 h6 12. Bd2 Nf6 13. Be3 b6 14. a3 Bb7 15.
Qc2 Nh5 16. Rfd1 Nf4 17. Bf1 1/2-1/2

[Event "21. Intern. Travemünder Schach-Open"]
[Site "?"]
[Date "2004.12.29"]
[Round "6"]
[White "Rabiega (GM), Robert"]
[Black "Kopylov (IM), MIchael"]
[Result "1/2-1/2"]
[WhiteElo "2524"]
[BlackElo "2434"]
[PlyCount "38"]
[EventDate "2004.??.??"]

1. e4 Nf6 2. e5 Nd5 3. d4 d6 4. Nf3 Bg4 5. Be2 e6 6. O-O Nc6 7. c4 Nb6 8. exd6
cxd6 9. d5 exd5 10. cxd5 Bxf3 11. Bxf3 Ne5 12. Be4 Be7 13. Nc3 O-O 14. Qc2 h6
15. Qe2 Re8 16. Bc2 Bf6 17. Qe4 Ng6 18. Qf3 Rc8 19. Bb3 Bxc3 1/2-1/2

[Event "21. Intern. Travemünder Schach-Open"]
[Site "?"]
[Date "2004.12.29"]
[Round "6"]
[White "Mainka (GM), Romuald"]
[Black "Heyken (IM), Enno"]
[Result "0-1"]
[WhiteElo "2461"]
[BlackElo "2330"]
[PlyCount "68"]
[EventDate "2004.??.??"]

1. g3 d5 2. Bg2 e5 3. d3 Nc6 4. Nf3 f6 5. c3 Be6 6. Nbd2 Qd7 7. b4 Nd8 8. a3
Bd6 9. e4 c6 10. d4 Nf7 11. O-O Ne7 12. Qe2 O-O 13. c4 Rae8 14. Bb2 Bg4 15.
dxe5 fxe5 16. cxd5 cxd5 17. exd5 Nxd5 18. Ne4 Nf6 19. Rad1 Qe6 20. Rfe1 Bc7 21.
h3 Nxe4 22. Qxe4 Bxf3 23. Qxf3 Bb6 24. Rd2 Ng5 25. Qd5 Bxf2+ 26. Rxf2 Nxh3+ 27.
Kh2 Rxf2 28. Qxe6+ Rxe6 29. Bc1 g5 30. Be3 Rb2 31. Kxh3 Rh6+ 32. Kg4 Rxg2 33.
Bxg5 Re6 34. Bc1 e4 0-1

[Event "21. Intern. Travemünder Schach-Open"]
[Site "?"]
[Date "2004.12.29"]
[Round "6"]
[White "Issing, Peter"]
[Black "Voloshin (GM), Leonid"]
[Result "1/2-1/2"]
[WhiteElo "2217"]
[BlackElo "2494"]
[PlyCount "86"]
[EventDate "2004.??.??"]

1. d4 d5 2. c4 dxc4 3. Nf3 Nf6 4. e3 e6 5. Bxc4 a6 6. a4 c5 7. O-O Nc6 8. Qe2
cxd4 9. Rd1 Be7 10. exd4 O-O 11. Nc3 Nb4 12. Bg5 Re8 13. Rac1 Nfd5 14. Bd2 Bd7
15. Ne5 Bc6 16. Qh5 Rf8 17. Nxc6 bxc6 18. Ne4 a5 19. Bg5 Bxg5 20. Nxg5 h6 21.
Nf3 Rc8 22. Qe5 Qb6 23. h3 Rfd8 24. Re1 c5 25. b3 Nc6 26. dxc5 Nxe5 27. cxb6
Nxc4 28. b7 Rc7 29. bxc4 Nb4 30. Re5 Rxb7 31. Rxa5 Rc7 32. Rb5 Nd3 33. Rd1 Rxc4
34. Ne5 Rc1 35. Rxc1 Nxc1 36. Nc6 Rd1+ 37. Kh2 Ne2 38. a5 Ra1 39. Rb8+ Kh7 40.
Ra8 Ra4 41. a6 Nd4 42. Nxd4 Rxd4 43. Rb8 Ra4 1/2-1/2

[Event "21. Intern. Travemünder Schach-Open"]
[Site "?"]
[Date "2004.12.29"]
[Round "6"]
[White "Schmezko, Stefan"]
[Black "Maiwald (GM), Jens-Uwe"]
[Result "0-1"]
[WhiteElo "2185"]
[BlackElo "2524"]
[PlyCount "86"]
[EventDate "2004.??.??"]

1. d4 g6 2. c4 Bg7 3. e4 d6 4. Nc3 Nf6 5. Nf3 O-O 6. Be2 e5 7. O-O Nc6 8. d5
Ne7 9. b4 Ne8 10. a4 f5 11. Nd2 Nf6 12. Ba3 Bh6 13. Bf3 Bxd2 14. Qxd2 f4 15. h3
g5 16. Qd1 Ng6 17. Be2 Nh4 18. f3 Qd7 19. Rf2 h5 20. c5 Qg7 21. Bf1 g4 22. Kh1
Kh8 23. Qe1 gxf3 24. gxf3 Rg8 25. Ne2 Nh7 26. Bb2 Bd7 27. Ra3 Raf8 28. Rh2 Qg5
29. Qf2 Rg7 30. Bc3 Rfg8 31. Be1 Nf6 32. cxd6 cxd6 33. Qxa7 Nxf3 34. Rg2 Nxe1
35. Rxg5 Rxg5 36. Qf2 Nc2 37. Rc3 Nxe4 38. Qf3 Nxc3 39. Qxc3 Ne3 40. Qc1 Bf5
41. Kh2 Be4 42. Nc3 Nxf1+ 43. Qxf1 Rg2+ 0-1

[Event "21. Intern. Travemünder Schach-Open"]
[Site "?"]
[Date "2004.12.29"]
[Round "6"]
[White "Meister (IM), Jakov"]
[Black "Nilsson, Anders"]
[Result "1-0"]
[WhiteElo "2505"]
[BlackElo "2176"]
[PlyCount "93"]
[EventDate "2004.??.??"]

1. e4 e6 2. d4 d5 3. Nc3 Bb4 4. e5 c5 5. Qg4 Ne7 6. dxc5 Bxc3+ 7. bxc3 Qa5 8.
Bd2 Nbc6 9. Nf3 Bd7 10. Qxg7 Rg8 11. Qxh7 Qxc5 12. Qd3 O-O-O 13. h4 Rg4 14. a4
Re4+ 15. Be2 Nf5 16. Kf1 a6 17. Bg5 Rg8 18. Qd2 Na5 19. Bd3 Bxa4 20. Qc1 Nc6
21. Qa3 Qxa3 22. Rxa3 Bb5 23. Bxb5 axb5 24. Ra8+ Nb8 25. h5 Rh8 26. Bc1 Kd7 27.
h6 Ra4 28. Rxa4 bxa4 29. g4 Ne7 30. Ke2 Nbc6 31. Bg5 Ng6 32. Bf6 Ra8 33. Kd2 a3
34. Ra1 Na5 35. h7 Nc4+ 36. Ke2 Nf4+ 37. Kf1 Ng6 38. Kg2 b6 39. Kg3 Kc6 40.
Nd4+ Kd7 41. f4 Nd2 42. f5 Ne4+ 43. Kg2 exf5 44. gxf5 Nf4+ 45. Kf3 Nxf6 46.
Rxa3 Rh8 47. Ra7+ 1-0

[Event "21. Intern. Travemünder Schach-Open"]
[Site "?"]
[Date "2004.12.29"]
[Round "6"]
[White "Duchrow, Oliver"]
[Black "Kupreychik (GM), Victor"]
[Result "0-1"]
[WhiteElo "2164"]
[BlackElo "2454"]
[PlyCount "60"]
[EventDate "2004.??.??"]

1. e4 d6 2. g3 g6 3. Bg2 Bg7 4. Ne2 c5 5. c3 Nc6 6. O-O e5 7. Na3 Nge7 8. d3
O-O 9. Be3 b6 10. Qd2 Ba6 11. Rad1 d5 12. Bh6 dxe4 13. Bxg7 Kxg7 14. dxe4 Qxd2
15. Rxd2 Rfd8 16. Rc2 Rd6 17. Re1 Rad8 18. f3 Rd2 19. Nd4 Nxd4 20. cxd4 R8xd4
21. Rec1 Nc6 22. Rxd2 Rxd2 23. b3 Rxa2 24. Nc4 Nd4 25. Re1 Bxc4 26. bxc4 Ra4
27. f4 Rxc4 28. fxe5 a5 29. e6 fxe6 30. e5 a4 0-1

[Event "21. Intern. Travemünder Schach-Open"]
[Site "?"]
[Date "2004.12.29"]
[Round "6"]
[White "Muse (GM), Mladen"]
[Black "Jordon, Christian"]
[Result "1-0"]
[WhiteElo "2448"]
[BlackElo "2164"]
[PlyCount "67"]
[EventDate "2004.??.??"]

1. Nf3 Nf6 2. g3 d5 3. Bg2 c6 4. d3 Bf5 5. Nbd2 Nbd7 6. O-O e5 7. Qe1 Bc5 8. e4
dxe4 9. dxe4 Bg4 10. Nc4 Qe7 11. Ne3 Be6 12. Ng5 O-O 13. Nxe6 Qxe6 14. a4 Rfe8
15. b4 Bf8 16. Qc3 g6 17. Rd1 Red8 18. Bb2 Bg7 19. Rd3 Ne8 20. Rad1 Qe7 21. Qd2
Nef6 22. Nc4 Rdb8 23. Rxd7 Nxd7 24. Qxd7 Qxb4 25. Bf1 b5 26. Bxe5 bxc4 27. Bxb8
Rxb8 28. Qxc6 c3 29. Bc4 Qb7 30. Rd8+ Bf8 31. Bxf7+ Kg7 32. Qxc3+ Kxf7 33. Qf3+
Ke7 34. Qxf8+ 1-0

[Event "21. Intern. Travemünder Schach-Open"]
[Site "?"]
[Date "2004.12.29"]
[Round "6"]
[White "Just, Gabriele"]
[Black "Kolthoff, Siegmund"]
[Result "0-1"]
[WhiteElo "2032"]
[BlackElo "2186"]
[PlyCount "126"]
[EventDate "2004.??.??"]

1. f4 d5 2. Nf3 g6 3. e3 Bg7 4. Be2 Nh6 5. O-O O-O 6. d3 c5 7. Qe1 Nc6 8. e4 d4
9. a4 Ng4 10. Na3 Nb4 11. Bd1 b6 12. Nc4 Ba6 13. Nfe5 Nxe5 14. Nxe5 Qc7 15. Qg3
Bc8 16. Nf3 Bb7 17. Qh4 c4 18. f5 cxd3 19. cxd3 Bf6 20. Bg5 Nxd3 21. fxg6 fxg6
22. Bb3+ Kh8 23. Bxf6+ exf6 24. Rad1 Nc5 25. Bd5 d3 26. Nd4 Qe5 27. Nf3 Qe7 28.
b4 Nxe4 29. Bxb7 Qxb7 30. Rxd3 Rae8 31. Rfd1 Rf7 32. Qh6 Qe7 33. Nh4 Kg8 34.
Rd4 f5 35. Nf3 Qf8 36. Qh4 Qe7 37. Qh6 Qc7 38. Rc1 Qe7 39. Re1 Qf8 40. Qh4 Rfe7
41. Red1 Qf6 42. h3 Nc3 43. Ng5 Qg7 44. Rd8 Nxd1 45. Qc4+ Kf8 46. Rxd1 h6 47.
Nf3 Re4 48. Qc6 R4e6 49. Qb5 Qc7 50. a5 bxa5 51. bxa5 a6 52. Qb4+ Qe7 53. Qd4
Qf6 54. Qc5+ Kg7 55. Qc7+ R8e7 56. Qc8 Rc6 57. Qb8 Rec7 58. Rd8 Qe6 59. Qb2+
Qf6 60. Qb8 Qe6 61. Qb2+ Kf7 62. Qh8 Qe3+ 63. Kh2 Qf4+ 0-1

[Event "21. Intern. Travemünder Schach-Open"]
[Site "?"]
[Date "2004.12.29"]
[Round "6"]
[White "Graudons, Karsten"]
[Black "Kalinitschew, Sergej"]
[Result "0-1"]
[WhiteElo "2135"]
[BlackElo "2517"]
[PlyCount "46"]
[EventDate "2004.??.??"]

1. Nf3 c5 2. g3 Nc6 3. Bg2 g6 4. c3 Bg7 5. O-O e5 6. e4 Nge7 7. d3 O-O 8. Be3
d6 9. Qd2 f5 10. Bh6 f4 11. Bxg7 Kxg7 12. d4 cxd4 13. cxd4 Bg4 14. d5 Bxf3 15.
dxc6 Bxg2 16. cxb7 Bxe4 17. bxa8=Q Bxa8 18. Qd1 fxg3 19. hxg3 Nf5 20. Qg4 h5
21. Qh3 e4 22. g4 Nd4 23. Nd2 Rf3 0-1

[Event "21. Intern. Travemünder Schach-Open"]
[Site "?"]
[Date "2004.12.29"]
[Round "6"]
[White "Hobus, Wolfgang"]
[Black "Hobus, Udo"]
[Result "1/2-1/2"]
[WhiteElo "2108"]
[BlackElo "2413"]
[PlyCount "26"]
[EventDate "2004.??.??"]

1. Nf3 c5 2. g3 Nc6 3. Bg2 g6 4. O-O Bg7 5. c4 d6 6. Nc3 e5 7. d3 Nge7 8. a3
O-O 9. Rb1 a5 10. Bd2 h6 11. Nd5 Nxd5 12. cxd5 Nd4 13. Nxd4 cxd4 1/2-1/2

[Event "21. Intern. Travemünder Schach-Open"]
[Site "?"]
[Date "2004.12.29"]
[Round "6"]
[White "Remy, Jochen"]
[Black "Schippan, Bernhard"]
[Result "0-1"]
[WhiteElo "2102"]
[BlackElo "2287"]
[PlyCount "72"]
[EventDate "2004.??.??"]

1. c4 Nf6 2. g3 g6 3. Bg2 Bg7 4. Nc3 c5 5. Nf3 O-O 6. O-O Nc6 7. d4 d6 8. dxc5
dxc5 9. Be3 Qa5 10. Qa4 Qxa4 11. Nxa4 b6 12. Nh4 Bd7 13. Rad1 Rac8 14. Nc3 Rfd8
15. Nf3 h6 16. h3 Be6 17. b3 Ne8 18. Nb1 Nd6 19. g4 g5 20. Bd2 Ne4 21. Bc1 Nd6
22. Bd2 a6 23. Bc3 b5 24. Bxg7 Kxg7 25. cxb5 axb5 26. Nc3 Nb4 27. Rb1 Nd5 28.
Nxd5 Bxd5 29. Rfd1 Ne4 30. Rbc1 b4 31. Rc2 Nc3 32. Rdd2 Be4 33. Rb2 Rxd2 34.
Nxd2 Nxe2+ 35. Kf1 Bd3 36. Ke1 Nf4 0-1

[Event "21. Intern. Travemünder Schach-Open"]
[Site "?"]
[Date "2004.12.29"]
[Round "6"]
[White "Wendling, Hannes"]
[Black "Dunsbach, Ralf"]
[Result "1/2-1/2"]
[WhiteElo "1827"]
[BlackElo "2239"]
[PlyCount "42"]
[EventDate "2004.??.??"]

1. e4 c5 2. Nf3 Nc6 3. d4 cxd4 4. Nxd4 Nf6 5. Nc3 e5 6. Ndb5 d6 7. Bg5 a6 8.
Na3 b5 9. Nd5 Be7 10. Bxf6 Bxf6 11. c3 O-O 12. Be2 Bg5 13. Nc2 Rb8 14. Nce3 a5
15. O-O Be6 16. a4 bxa4 17. Qxa4 Rxb2 18. Qxc6 Rxe2 19. Qa6 Rb2 20. Rxa5 Bxe3
21. Nxe3 Qc7 1/2-1/2

[Event "21. Intern. Travemünder Schach-Open"]
[Site "?"]
[Date "2004.12.29"]
[Round "6"]
[White "Wiebe, Patrick"]
[Black "Schütze, Norman"]
[Result "1/2-1/2"]
[WhiteElo "2210"]
[BlackElo "2100"]
[PlyCount "30"]
[EventDate "2004.??.??"]

1. Nf3 Nf6 2. c4 g6 3. g3 Bg7 4. Bg2 d5 5. O-O O-O 6. d4 dxc4 7. Na3 Nc6 8.
Nxc4 Be6 9. b3 Bd5 10. Bb2 a5 11. a4 Qc8 12. Rc1 h6 13. e3 Qe6 14. Qe2 Rfd8 15.
Rfe1 g5 1/2-1/2

[Event "21. Intern. Travemünder Schach-Open"]
[Site "?"]
[Date "2004.12.29"]
[Round "6"]
[White "Schuster, Martin"]
[Black "Horn, Sven"]
[Result "1/2-1/2"]
[WhiteElo "2177"]
[BlackElo "2092"]
[PlyCount "40"]
[EventDate "2004.??.??"]

1. e4 e5 2. Nf3 Nf6 3. Nxe5 d6 4. Nf3 Nxe4 5. Bd3 d5 6. O-O Nc5 7. Be2 Be7 8.
d4 Ne4 9. h3 O-O 10. Bf4 c6 11. c3 Nd7 12. Qb3 Re8 13. Re1 Nf8 14. Nbd2 Ng6 15.
Bh2 Nxd2 16. Nxd2 b6 17. Bd3 Be6 18. Nf3 Bd6 19. Bxd6 Qxd6 20. Qc2 Bd7 1/2-1/2